| 000 | 01327nam a2200325Ia 4500 | ||
|---|---|---|---|
| 001 | ebr10273766 | ||
| 003 | CaPaEBR | ||
| 006 | m u | ||
| 007 | cr cn||||||||| | ||
| 008 | 081203s2009 dcu sb 001 0 eng d | ||
| 010 | _z 2008051806 | ||
| 020 | _z9780821378847 | ||
| 040 |
_aCaPaEBR _cCaPaEBR |
||
| 035 | _a(OCoLC)560532984 | ||
| 050 | 1 | 4 |
_aHD9685.M62 _bR47 2009eb |
| 245 | 0 | 0 |
_aResidential electricity subsidies in Mexico _h[electronic resource] : _bexploring options for reform and for enhancing the impact on the poor. |
| 260 |
_aWashington, D.C. : _bWorld Bank, _cc2009. |
||
| 300 | _axvi, 76 p. | ||
| 490 | 1 |
_aWorld Bank working paper ; _vno. 160 |
|
| 504 | _aIncludes bibliographical references and index. | ||
| 533 |
_aElectronic reproduction. _bPalo Alto, Calif. : _cebrary, _d2011. _nAvailable via World Wide Web. _nAccess may be limited to ebrary affiliated libraries. |
||
| 650 | 0 |
_aElectric utilities _xSubsidies _zMexico. |
|
| 650 | 0 |
_aElectric utilities _xRates _zMexico. |
|
| 650 | 0 |
_aSubsidies _zMexico. |
|
| 655 | 7 |
_aElectronic books. _2local |
|
| 700 | 1 | _aKomives, Kristin. | |
| 710 | 2 | _aebrary, Inc. | |
| 830 | 0 |
_aWorld Bank working paper ; _vno. 160. |
|
| 856 | 4 | 0 |
_uhttp://site.ebrary.com/lib/rucke/Doc?id=10273766 _zAn electronic book accessible through the World Wide Web; click to view |
| 999 |
_c7020 _d7020 |
||